000 01133nam0a2200289 4500
001 RU\NLR\b_ik\182710
005 20250616230813.0
010 _a978-5-904549-02-2
_9100
035 _a(NLR Aleph) 002255244
090 _a3743862
_c3743862
100 _a20100309d2009 |||y0rusy50 ca
101 1 _aeng
_crus
102 _aRU
105 _aac |||||||||
200 1 _aThe diversity of the Chechen culture
_efrom historical roots to the present
_fLecha Ilyasov
_g[transl. Tatiana Butkova]
210 _aМосква
_cПолиграфические мастерские
_d2009
215 _a263 с.
_cил., цв. ил., портр.
_d29
320 _aБиблиогр.: с. 246-262 (439 назв.)
320 _aСписок соч. авт.: с. 263
541 0 _aРазнообразие чешской культуры: исторические корни и настоящее
_zrus
607 _aЧехия
_xКультура
_92443850
_3RU\NLR\AUTH\661453634
686 1 _aТ3(4Че)0-7
700 1 _aIl'jasov
_bL. M.
_gLeča Machmudovič
_4070
801 0 _aRU
_bNLR
_c20100309
_gRCR
942 _cBOOK
980 _aNB